Biblioteka Instytutu Północnego w Olsztynie

Akta sejmikowe województwa krakowskiego. (Rekord nr 27854)

Szczegóły MARC
000 -Nagłówek
fixed length control field 01944cam a2200469 i 4500
001 - Nr kontrolny bibl., która utworzyła rek.
control field zz2003907588
003 - Siglum bibl., której nr kontr. jest w 001
control field NUKAT
005 - Data i czas ostatniej operacji
control field 20260428210952.0
008 - Elementy pola stałej długości
fixed length control field 030423s1953 pl l |000 0 pol c
035 ## - Systemowy numer kontrolny
systemowy numer kontrolny (OCoLC)1412903725
035 ## - Systemowy numer kontrolny
systemowy numer kontrolny (NUKAT)zz2003907588
040 ## - Instytucja sporządzająca opis
Instytucja, która sporządziła opis LUBL U/MG
język katalgowania-trzyzn. kod pol
zasady opisu rda
Instytucja, która sporządziła rekord LUBL U/MG
Instytucja, która zmodyfikowała rekord LUBL U/bg
-- LUBL U/ILs
-- WR O/AKs
-- KR U/mal
-- OLSZT 008/AL
041 0# - Kod nazwy języka dokumentu
Język tekstu pol
-- lat
045 2# - Okres czasu dla zawartości
czas między r. 9999 pne a nasz. czas. d1621
-- d1648
046 ## - Kod rodz. daty, data1, data2 (daty pne)
Begin/single date 1953
Single or starting date for aggregated content 1621
Ending date for aggregated content 1648
245 00 - Tytuł właściwy i oznaczenie odpow.
tytuł Akta sejmikowe województwa krakowskiego.
numer części/sekcji pracy T. 2,
tytuł części/sekcji pracy [1621-1660].
numer części/sekcji pracy [fasc. 1],
tytuł części/sekcji pracy 1621-1648 /
dod. inf. ze s. tyt./ozn. odpow. wydał Adam Przyboś ; Polska Akademia Nauk. Instytut Historii.
260 ## - Adres wydawniczy
miejsce wydania, dystrybucji itp. Kraków :
nazwa wydawcy, dystrybutora itp. nakładem Polskiej Akademii Umiejetności,
data wydania, dystrybucji itp. 1953.
300 ## - Opis fizyczny
objętość i/lub forma materiału 376 stron ;
format 31 cm.
336 ## - Content Type
Term Tekst
Code txt
Source rdacontent
337 ## - Media Type
Term Bez urządzenia pośredniczącego
Code n
Source rdamedia
338 ## - Carrier Type
Term Wolumin
Code nc
Source rdacarrier
380 ## - Form of work
Form of work Książki
380 ## - Form of work
Form of work Publikacje naukowe
388 1# - TIME PERIOD OF CREATION
Time period of creation term 1901-2000
388 1# - TIME PERIOD OF CREATION
Time period of creation term 1945-1989
500 ## - Uwaga ogólna
uwaga ogólna Opis według okładki.
546 ## - Uwaga o języku opisywanego materiału
uwaga o języku Tekst częściowo w języku. łacińskim.
648 #7 - SUBJECT ADDED ENTRY--CHRONOLOGICAL TERM
Chronological term 1601-1700
Source of heading or term DBN
9 (RLIN) 36034
650 #7 - Hasło przedmiotowe-nazwa pospolita
nazwa pospolita lub geogr. Sejmiki (przedrozbiorowe)
źródło hasła DBN
9 (RLIN) 38394
650 #7 - Hasło przedmiotowe-nazwa pospolita
nazwa pospolita lub geogr. Sejmiki szlacheckie
określnik chronologiczny 17 w.
określnik formy źródła.
źródło hasła kaba
9 (RLIN) 40836
651 #7 - Hasło przedmiotowe-nazwa geogr.
nazwa geograficzna Kraków (woj. małopolskie ; okolice)
źródło hasła DBN
9 (RLIN) 40837
651 #7 - Hasło przedmiotowe-nazwa geogr.
nazwa geograficzna Województwo krakowskie (1314-1795)
źródło hasła DBN
9 (RLIN) 40840
651 #7 - Hasło przedmiotowe-nazwa geogr.
nazwa geograficzna Kraków (Polska ; region)
określnik rzeczowy polityka i rządy
określnik chronologiczny 17 w.
określnik formy źródła.
źródło hasła kaba
9 (RLIN) 40839
651 #7 - Hasło przedmiotowe-nazwa geogr.
nazwa geograficzna Kraków (Polska ; region)
określnik rzeczowy polityka i rządy
określnik chronologiczny 17 w.
określnik formy źródła.
źródło hasła kaba
9 (RLIN) 40839
655 #7 - Termin określający rodzaj/formę
rodzaj/forma Wydawnictwo źródłowe
źródło terminu DBN
9 (RLIN) 35066
658 ## - Nazwa określająca cel programu nauczania
główny cel programu nauczania Historia
658 ## - Nazwa określająca cel programu nauczania
główny cel programu nauczania Polityka, politologia, administracja publiczna
700 1# - Hasło dodatkowe - nazwa osobowa
nazwa osobowa Przyboś, Adam
daty biograficzne (1906-1990).
rodzaj współpracy Wydawca
9 (RLIN) 11750
710 2# - Hasło dodatkowe - nazwa ciała zbior.
nazwa ciała zbior. lub nazwa geogr. Polska Akademia Nauk.
nazwa jednostki podrzędnej Instytut Historii.
rodzaj współpracy Instytucja sprawcza
9 (RLIN) 6496
710 2# - Hasło dodatkowe - nazwa ciała zbior.
nazwa ciała zbior. lub nazwa geogr. Polska Akademia Umiejętności (1919-1952).
rodzaj współpracy Wydawca
kod rodzaju współpracy pbl
9 (RLIN) 1634
942 ## - ADDED ENTRY ELEMENTS (KOHA)
Source of classification or shelving scheme Dewey Decimal Classification
Koha item type pozycje dostępne na miejscu
Egzemplarze
Status wycofania Status zagubienia Klasyfikacja Status uszkodzenia Blokada wypożyczeń Kolekcja Lokalizacja macierzysta Lokalizacja bieżąca Data nabycia Numer akcesji Źródło akcesji Nr inwentarzowy il. wypożyczeń Sygnatura Kod kreskowy Date last seen Price effective from Typ egz.
    Dewey Decimal Classification nieuszkodzona   Pracownia Badań Księgozbiorów Historycznych Biblioteka Instytutu Północnego w Olsztynie Pracownia Badań Księgozbiorów Historycznych 28/04/2026 K-153/1967 kupno 16688/2   16688/2 IPWK22216 28/04/2026 28/04/2026 pozycje dostępne na miejscu
Biblioteka Instytutu Północnego, ul. Partyzantów 87, 10-402 Olsztyn, email: biblioteka(at)ip.olsztyn.pl